000 00732nam a2200289Ia 4500
005 20260324115152.0
008 008 260324s9999 xx 000 0 eng d
020 _a9780429298295
037 _aEBOOK
040 _aCRL
040 _beng
040 _cCRL
041 _2eng
041 _aeng
084 _qCRL
100 _aHassan Salah; Michael Kidd
_91153621
245 0 _aFamily Practice in the Eastern Mediterranean Region
245 0 _bPrimary Health Care for Universal Health Coverage
260 _bTaylor and Francis
260 _c2019
365 _a
365 _b370
856 _uhttp://www.taylorfrancis.com/books/9780429298295
942 _cEBOOK
999 _c1744305
_d1744305